[Event "Grand Swiss "]
[Date "2025.09.06"]
[White "Niemann, Hans Moke"]
[Black "Svane, Rasmus"]
[WhiteElo "2733"]
[BlackElo "2620"]
[Round "3.3.19"]
[Result "1-0"]

1. c4 {[%clk 01:40:54] [%emt 00:00:02]} Nf6 {[%clk 01:36:19] [%emt 00:04:44]} 2.
Nc3 {[%clk 01:41:14] [%emt 00:00:10]} c5 {[%clk 01:36:04] [%emt 00:00:45]} 3. g3
{[%clk 01:38:41] [%emt 00:03:02]} e6 {[%clk 01:36:02] [%emt 00:00:32]} 4. Nf3
{[%clk 01:38:20] [%emt 00:00:50]} d5 {[%clk 01:34:32] [%emt 00:02:01]} 5. cxd5
{[%clk 01:38:19] [%emt 00:00:31]} exd5 {[%clk 01:34:58] [%emt 00:00:05]} 6. d4
{[%clk 01:38:37] [%emt 00:00:11]} Nc6 {[%clk 01:35:23] [%emt 00:00:05]} 7. Bg2
{[%clk 01:38:29] [%emt 00:00:37]} cxd4 {[%clk 01:35:09] [%emt 00:00:46]} 8. Nxd4
{[%clk 01:38:06] [%emt 00:00:51]} Bc5 {[%clk 01:35:34] [%emt 00:00:06]} 9. Nb3
{[%clk 01:34:04] [%emt 00:04:32]} Bb6 {[%clk 01:35:59] [%emt 00:00:05]} 10. Na4
{[%clk 01:34:20] [%emt 00:00:14]} O-O {[%clk 01:35:20] [%emt 00:01:09]} 11. Nxb6
{[%clk 01:32:41] [%emt 00:02:10]} axb6 {[%clk 01:35:46] [%emt 00:00:04]} 12. Be3
{[%clk 01:30:53] [%emt 00:02:17]} Re8 {[%clk 01:29:35] [%emt 00:06:41]} 13. O-O
{[%clk 01:31:03] [%emt 00:00:18]} h5 {[%clk 01:28:48] [%emt 00:01:21]} 14. h3
{[%clk 01:08:17] [%emt 00:23:15]} Ne4 {[%clk 00:56:45] [%emt 00:32:32]} 15. Bd4
{[%clk 00:43:19] [%emt 00:25:29]} Bf5 {[%clk 00:43:59] [%emt 00:13:17]} 16. e3
{[%clk 00:42:53] [%emt 00:00:56]} Bg6 {[%clk 00:44:03] [%emt 00:00:26]} 17. h4
{[%clk 00:42:05] [%emt 00:01:17]} Nf6 {[%clk 00:36:18] [%emt 00:08:17]} 18. a3
{[%clk 00:41:14] [%emt 00:01:21]} Nxd4 {[%clk 00:26:46] [%emt 00:10:02]} 19.
Nxd4 {[%clk 00:41:29] [%emt 00:00:13]} Be4 {[%clk 00:26:56] [%emt 00:00:22]} 20.
Rc1 {[%clk 00:39:02] [%emt 00:02:57]} Bxg2 {[%clk 00:23:16] [%emt 00:04:11]} 21.
Kxg2 {[%clk 00:39:25] [%emt 00:00:06]} Rc8 {[%clk 00:22:45] [%emt 00:01:00]} 22.
Rxc8 {[%clk 00:37:52] [%emt 00:02:03]} Qxc8 {[%clk 00:23:12] [%emt 00:00:04]}
23. Qd3 {[%clk 00:32:55] [%emt 00:05:26]} Re7 {[%clk 00:17:28] [%emt 00:06:14]}
24. Qb3 {[%clk 00:30:23] [%emt 00:03:02]} Qc5 {[%clk 00:14:23] [%emt 00:03:35]}
25. Rd1 {[%clk 00:26:32] [%emt 00:04:20]} g6 {[%clk 00:13:55] [%emt 00:01:00]}
26. Ne2 {[%clk 00:25:25] [%emt 00:01:36]} Re4 {[%clk 00:05:51] [%emt 00:08:35]}
27. Nd4 {[%clk 00:24:00] [%emt 00:01:54]} Re7 {[%clk 00:05:59] [%emt 00:00:23]}
28. Rd2 {[%clk 00:23:45] [%emt 00:00:44]} Ne4 {[%clk 00:05:18] [%emt 00:01:11]}
29. Rc2 {[%clk 00:23:56] [%emt 00:00:18]} Qd6 {[%clk 00:05:41] [%emt 00:00:07]}
30. Rc8+ {[%clk 00:24:08] [%emt 00:00:18]} Kg7 {[%clk 00:05:07] [%emt 00:01:06]}
31. Qb4 {[%clk 00:19:55] [%emt 00:04:42]} Qf6 {[%clk 00:04:01] [%emt 00:01:36]}
32. Nf3 {[%clk 00:19:57] [%emt 00:00:27]} Nc5 {[%clk 00:03:29] [%emt 00:01:02]}
33. Qd4 {[%clk 00:18:57] [%emt 00:01:30]} Qxd4 {[%clk 00:03:05] [%emt 00:00:55]}
34. Nxd4 {[%clk 00:19:08] [%emt 00:00:18]} Kf6 {[%clk 00:02:30] [%emt 00:01:06]}
35. Kf1 {[%clk 00:13:34] [%emt 00:06:04]} Ne6 {[%clk 00:02:25] [%emt 00:00:35]}
36. Nb5 {[%clk 00:13:45] [%emt 00:00:17]} Ke5 {[%clk 00:01:19] [%emt 00:01:38]}
37. Rc3 {[%clk 00:08:20] [%emt 00:05:55]} Rd7 {[%clk 00:01:27] [%emt 00:00:22]}
38. Ke2 {[%clk 00:08:41] [%emt 00:00:08]} Rd8 {[%clk 00:01:06] [%emt 00:00:52]}
39. Rc2 {[%clk 00:05:12] [%emt 00:03:58]} Rd7 {[%clk 00:00:49] [%emt 00:00:48]}
40. Rc1 {[%clk 00:05:26] [%emt 00:00:16]} Rd8 {[%clk 00:00:41] [%emt 00:00:38]}
41. Rc3 {[%clk 00:05:44] [%emt 00:00:11]} Rd7 {[%clk 00:45:56] [%emt 00:05:16]}
42. Rb3 {[%clk 00:55:32] [%emt 00:00:39]} Nc5 {[%clk 00:43:58] [%emt 00:02:30]}
43. Rb4 {[%clk 00:55:38] [%emt 00:00:24]} Na6 {[%clk 00:39:04] [%emt 00:05:25]}
44. Ra4 {[%clk 00:53:38] [%emt 00:02:29]} Nc5 {[%clk 00:36:03] [%emt 00:03:32]}
45. Rd4 {[%clk 00:53:43] [%emt 00:00:23]} Ne4 {[%clk 00:30:06] [%emt 00:06:28]}
46. Rb4 {[%clk 00:53:22] [%emt 00:00:51]} Rd8 {[%clk 00:22:17] [%emt 00:08:20]}
47. Nd4 {[%clk 00:50:07] [%emt 00:03:45]} Rd6 {[%clk 00:21:14] [%emt 00:01:33]}
48. Ra4 {[%clk 00:48:12] [%emt 00:02:23]} Rf6 {[%clk 00:17:29] [%emt 00:04:17]}
49. Nf3+ {[%clk 00:48:35] [%emt 00:00:05]} Kd6 {[%clk 00:17:35] [%emt 00:00:24]}
50. Rd4 {[%clk 00:48:50] [%emt 00:00:14]} Rf5 {[%clk 00:16:07] [%emt 00:02:00]}
51. Rd1 {[%clk 00:49:05] [%emt 00:00:15]} Rf6 {[%clk 00:06:23] [%emt 00:10:14]}
52. Rc1 {[%clk 00:47:45] [%emt 00:01:49]} Rf5 {[%clk 00:06:23] [%emt 00:00:32]}
53. Rg1 {[%clk 00:47:44] [%emt 00:00:30]} Rf6 {[%clk 00:05:03] [%emt 00:01:51]}
54. Rg2 {[%clk 00:47:55] [%emt 00:00:17]} Nc5 {[%clk 00:04:20] [%emt 00:01:14]}
55. Nd4 {[%clk 00:46:50] [%emt 00:01:34]} Na4 {[%clk 00:03:24] [%emt 00:01:27]}
56. b4 {[%clk 00:46:34] [%emt 00:00:44]} Nb2 {[%clk 00:01:59] [%emt 00:01:56]}
57. Rg1 {[%clk 00:46:46] [%emt 00:00:17]} Nc4 {[%clk 00:01:54] [%emt 00:00:37]}
58. Nb5+ {[%clk 00:46:48] [%emt 00:00:28]} Ke7 {[%clk 00:00:41] [%emt 00:01:43]}
59. Rd1 {[%clk 00:46:23] [%emt 00:00:53]} Rf5 {[%clk 00:01:00] [%emt 00:00:13]}
60. f4 {[%clk 00:45:01] [%emt 00:01:51]} Rf6 {[%clk 00:00:33] [%emt 00:00:57]}
61. Rxd5 {[%clk 00:42:56] [%emt 00:02:36]} Rc6 {[%clk 00:11:24] [%emt 00:04:38]}
62. e4 {[%clk 00:57:10] [%emt 00:01:16]} Nb2 {[%clk 00:06:33] [%emt 00:05:21]}
63. Rd2 {[%clk 00:57:27] [%emt 00:00:12]} Na4 {[%clk 00:05:33] [%emt 00:01:32]}
64. Kd3 {[%clk 00:57:36] [%emt 00:00:19]} Rc1 {[%clk 00:05:51] [%emt 00:00:14]}
65. Rc2 {[%clk 00:57:30] [%emt 00:00:35]} Rg1 {[%clk 00:04:17] [%emt 00:02:05]}
66. Rc7+ {[%clk 00:57:49] [%emt 00:00:11]} Kf8 {[%clk 00:04:09] [%emt 00:00:39]}
67. Kd4 {[%clk 00:57:26] [%emt 00:00:51]} Rxg3 {[%clk 00:04:02] [%emt 00:00:38]}
68. Nd6 {[%clk 00:57:35] [%emt 00:00:21]} Rxa3 {[%clk 00:02:39] [%emt 00:01:54]}
69. Rxf7+ {[%clk 00:57:21] [%emt 00:00:43]} Kg8 {[%clk 00:03:04] [%emt
00:00:05]} 70. Rxb7 {[%clk 00:57:31] [%emt 00:00:20]} Rb3 {[%clk 00:01:02] [%emt
00:02:33]} 71. b5 {[%clk 00:55:07] [%emt 00:02:54]} Rh3 {[%clk 00:00:41] [%emt
00:00:50]} 72. Nc8 {[%clk 00:48:18] [%emt 00:07:19]} Rb3 {[%clk 00:00:34] [%emt
00:00:38]} 73. Ne7+ {[%clk 00:45:51] [%emt 00:02:57]} Kf7 {[%clk 00:00:56] [%emt
00:00:08]} 74. Nd5+ {[%clk 00:46:15] [%emt 00:00:06]} Ke8 {[%clk 00:00:38] [%emt
00:00:49]} 75. e5 {[%clk 00:42:32] [%emt 00:04:11]} 1-0

[Site "Europe Echecs"]

[Event "Grand Swiss "]
[Date "2025.09.06"]
[White "Hovhannisyan, Robert"]
[Black "Fedoseev, Vladimir"]
[WhiteElo "2629"]
[BlackElo "2731"]
[Round "3.3.20"]
[Result "1-0"]

1. e4 {[%clk 01:40:57] [%emt 00:00:03]} d5 {[%clk 01:40:53] [%emt 00:00:07]} 2.
exd5 {[%clk 01:41:20] [%emt 00:00:07]} Qxd5 {[%clk 01:41:18] [%emt 00:00:05]} 3.
Nf3 {[%clk 01:40:15] [%emt 00:01:34]} g6 {[%clk 01:37:14] [%emt 00:04:35]} 4. d4
{[%clk 01:39:09] [%emt 00:01:36]} Bg7 {[%clk 01:36:35] [%emt 00:01:08]} 5. c4
{[%clk 01:36:51] [%emt 00:02:48]} Qd8 {[%clk 01:34:34] [%emt 00:02:29]} 6. Nc3
{[%clk 01:30:41] [%emt 00:06:43]} Nh6 {[%clk 01:29:55] [%emt 00:05:08]} 7. Be2
{[%clk 01:27:01] [%emt 00:04:11]} c6 {[%clk 01:23:07] [%emt 00:07:17]} 8. O-O
{[%clk 01:23:09] [%emt 00:04:22]} Nf5 {[%clk 01:19:30] [%emt 00:04:08]} 9. d5
{[%clk 01:23:20] [%emt 00:00:19]} O-O {[%clk 01:19:39] [%emt 00:00:20]} 10. Bf4
{[%clk 01:21:14] [%emt 00:02:37]} Re8 {[%clk 01:16:55] [%emt 00:03:14]} 11. g4
{[%clk 01:09:34] [%emt 00:12:10]} Nd6 {[%clk 01:14:17] [%emt 00:03:07]} 12. h3
{[%clk 01:09:00] [%emt 00:01:05]} Nd7 {[%clk 01:03:58] [%emt 00:10:49]} 13. Qd2
{[%clk 01:07:12] [%emt 00:02:17]} Qa5 {[%clk 00:57:42] [%emt 00:06:46]} 14. Bh6
{[%clk 01:01:58] [%emt 00:05:45]} Bh8 {[%clk 00:53:50] [%emt 00:04:22]} 15. Rad1
{[%clk 00:54:06] [%emt 00:08:22]} Nb6 {[%clk 00:46:46] [%emt 00:07:35]} 16. Qf4
{[%clk 00:49:38] [%emt 00:04:57]} Qb4 {[%clk 00:45:33] [%emt 00:01:43]} 17. dxc6
{[%clk 00:40:42] [%emt 00:09:27]} Qxb2 {[%clk 00:37:32] [%emt 00:08:31]} 18. c5
{[%clk 00:38:52] [%emt 00:02:20]} Bxc3 {[%clk 00:37:10] [%emt 00:00:52]} 19.
cxd6 {[%clk 00:39:04] [%emt 00:00:18]} Qxe2 {[%clk 00:29:53] [%emt 00:07:47]}
20. Rfe1 {[%clk 00:32:00] [%emt 00:07:34]} Bxe1 {[%clk 00:26:00] [%emt
00:04:23]} 21. Rxe1 {[%clk 00:31:44] [%emt 00:00:47]} Qb2 {[%clk 00:26:23] [%emt
00:00:06]} 22. Rxe7 {[%clk 00:26:59] [%emt 00:05:15]} Be6 {[%clk 00:18:14] [%emt
00:08:40]} 23. Nd4 {[%clk 00:24:24] [%emt 00:03:06]} Qb1+ {[%clk 00:17:06] [%emt
00:01:38]} 24. Kh2 {[%clk 00:24:29] [%emt 00:00:23]} g5 {[%clk 00:17:34] [%emt
00:00:03]} 25. Qe5 {[%clk 00:16:12] [%emt 00:08:45]} Qg6 {[%clk 00:17:58] [%emt
00:00:08]} 26. cxb7 {[%clk 00:15:10] [%emt 00:01:32]} Rab8 {[%clk 00:13:36]
[%emt 00:04:51]} 27. Nc6 {[%clk 00:14:13] [%emt 00:01:28]} Nd5 {[%clk 00:13:14]
[%emt 00:00:52]} 28. Rxe8+ {[%clk 00:13:17] [%emt 00:01:27]} Rxe8 {[%clk
00:13:37] [%emt 00:00:07]} 29. d7 {[%clk 00:13:39] [%emt 00:00:08]} Bxd7 {[%clk
00:13:53] [%emt 00:00:14]} 30. b8=Q {[%clk 00:13:57] [%emt 00:00:12]} Qxh6
{[%clk 00:14:14] [%emt 00:00:08]} 31. Qbxe8+ {[%clk 00:06:34] [%emt 00:07:53]}
Bxe8 {[%clk 00:14:37] [%emt 00:00:07]} 32. Qxe8+ {[%clk 00:07:02] [%emt
00:00:02]} Kg7 {[%clk 00:14:38] [%emt 00:00:30]} 33. Qe5+ {[%clk 00:07:19] [%emt
00:00:13]} Qf6 {[%clk 00:15:03] [%emt 00:00:04]} 34. Qxf6+ {[%clk 00:07:15]
[%emt 00:00:36]} Kxf6 {[%clk 00:15:02] [%emt 00:00:30]} 35. Nxa7 {[%clk
00:07:40] [%emt 00:00:05]} Nc3 {[%clk 00:14:29] [%emt 00:01:03]} 36. a3 {[%clk
00:08:05] [%emt 00:00:06]} Ke5 {[%clk 00:07:21] [%emt 00:07:38]} 37. Nc6+ {[%clk
00:07:35] [%emt 00:00:59]} Kd6 {[%clk 00:04:51] [%emt 00:03:00]} 38. Nd4 {[%clk
00:07:19] [%emt 00:00:46]} Ke5 {[%clk 00:05:15] [%emt 00:00:06]} 39. Nc6+ {[%clk
00:05:54] [%emt 00:01:55]} Kd6 {[%clk 00:04:53] [%emt 00:00:52]} 40. Nb4 {[%clk
00:03:16] [%emt 00:03:08]} f5 {[%clk 00:01:15] [%emt 00:04:08]} 41. Kg3 {[%clk
00:01:59] [%emt 00:01:47]} Ke5 {[%clk 00:48:17] [%emt 00:03:28]} 42. Kf3 {[%clk
00:48:12] [%emt 00:04:17]} Kf6 {[%clk 00:42:18] [%emt 00:06:30]} 43. Nd3 {[%clk
00:39:23] [%emt 00:09:18]} fxg4+ {[%clk 00:36:54] [%emt 00:05:54]} 44. hxg4
{[%clk 00:35:24] [%emt 00:04:30]} h6 {[%clk 00:34:51] [%emt 00:02:33]} 45. Nb2
{[%clk 00:32:42] [%emt 00:03:11]} Ke5 {[%clk 00:21:10] [%emt 00:14:12]} 46. a4
{[%clk 00:30:42] [%emt 00:02:30]} Kd5 {[%clk 00:18:10] [%emt 00:03:30]} 47. a5
{[%clk 00:28:59] [%emt 00:02:13]} Nb5 {[%clk 00:17:16] [%emt 00:01:24]} 48. a6
{[%clk 00:24:20] [%emt 00:05:09]} Kc6 {[%clk 00:13:15] [%emt 00:04:30]} 49. Nc4
{[%clk 00:22:20] [%emt 00:02:30]} Nc7 {[%clk 00:09:13] [%emt 00:04:33]} 50. a7
{[%clk 00:22:40] [%emt 00:00:09]} Kb7 {[%clk 00:09:38] [%emt 00:00:05]} 51. Nd6+
{[%clk 00:22:51] [%emt 00:00:19]} Kxa7 {[%clk 00:09:58] [%emt 00:00:11]} 52. Nf7
{[%clk 00:23:10] [%emt 00:00:09]} Ne8 {[%clk 00:06:19] [%emt 00:04:11]} 53. Nxh6
{[%clk 00:23:08] [%emt 00:00:32]} Nd6 {[%clk 00:06:43] [%emt 00:00:05]} 54. Nf5
{[%clk 00:22:53] [%emt 00:00:45]} Nc4 {[%clk 00:06:58] [%emt 00:00:16]} 55. Ke4
{[%clk 00:22:04] [%emt 00:01:18]} Kb6 {[%clk 00:07:17] [%emt 00:00:11]} 56. Nd4
{[%clk 00:21:26] [%emt 00:01:08]} Nd6+ {[%clk 00:03:13] [%emt 00:04:34]} 57. Kd5
{[%clk 00:20:59] [%emt 00:00:56]} Kc7 {[%clk 00:02:53] [%emt 00:00:52]} 58. Ne6+
{[%clk 00:20:55] [%emt 00:00:34]} Kd7 {[%clk 00:03:19] [%emt 00:00:04]} 59. Nxg5
{[%clk 00:21:15] [%emt 00:00:10]} Ke7 {[%clk 00:03:46] [%emt 00:00:03]} 60. Ke5
{[%clk 00:20:51] [%emt 00:00:53]} Nc4+ {[%clk 00:04:06] [%emt 00:00:11]} 61. Kf5
{[%clk 00:20:46] [%emt 00:00:35]} Nd6+ {[%clk 00:04:27] [%emt 00:00:09]} 62. Kg6
{[%clk 00:20:47] [%emt 00:00:28]} Nc4 {[%clk 00:04:54] [%emt 00:00:04]} 63. f3
{[%clk 00:20:26] [%emt 00:00:49]} Ne3 {[%clk 00:05:12] [%emt 00:00:13]} 64. Ne4
{[%clk 00:17:45] [%emt 00:03:11]} Ke6 {[%clk 00:05:36] [%emt 00:00:06]} 65. Kh7
{[%clk 00:15:52] [%emt 00:02:23]} Ke5 {[%clk 00:01:30] [%emt 00:04:36]} 66. g5
{[%clk 00:16:00] [%emt 00:00:22]} Kf4 {[%clk 00:01:57] [%emt 00:00:02]} 67. g6
{[%clk 00:16:21] [%emt 00:00:09]} Nf5 {[%clk 00:02:24] [%emt 00:00:03]} 68. Nd2
{[%clk 00:16:33] [%emt 00:00:18]} 1-0

[Site "Europe Echecs"]

[Event "Grand Swiss "]
[Date "2025.09.06"]
[White "Sindarov, Javokhir"]
[Black "Cheparinov, Ivan"]
[WhiteElo "2722"]
[BlackElo "2627"]
[Round "3.3.21"]
[Result "0-1"]

1. d4 {[%clk 01:40:47] [%emt 00:00:12]} Nf6 {[%clk 01:40:55] [%emt 00:00:05]} 2.
c4 {[%clk 01:41:10] [%emt 00:00:08]} e6 {[%clk 01:41:20] [%emt 00:00:04]} 3. Nf3
{[%clk 01:41:36] [%emt 00:00:04]} d5 {[%clk 01:41:46] [%emt 00:00:04]} 4. Nc3
{[%clk 01:42:02] [%emt 00:00:05]} c5 {[%clk 01:41:59] [%emt 00:00:16]} 5. e3
{[%clk 01:39:39] [%emt 00:02:54]} dxc4 {[%clk 01:41:19] [%emt 00:01:10]} 6. Bxc4
{[%clk 01:39:30] [%emt 00:00:39]} a6 {[%clk 01:41:43] [%emt 00:00:06]} 7. O-O
{[%clk 01:38:16] [%emt 00:01:45]} b5 {[%clk 01:42:06] [%emt 00:00:06]} 8. Be2
{[%clk 01:38:28] [%emt 00:00:18]} Nbd7 {[%clk 01:42:29] [%emt 00:00:06]} 9. d5
{[%clk 01:37:54] [%emt 00:01:05]} exd5 {[%clk 01:42:42] [%emt 00:00:18]} 10.
Nxd5 {[%clk 01:38:18] [%emt 00:00:06]} Bb7 {[%clk 01:43:06] [%emt 00:00:05]} 11.
Nxf6+ {[%clk 01:38:40] [%emt 00:00:08]} Qxf6 {[%clk 01:43:30] [%emt 00:00:06]}
12. a4 {[%clk 01:38:58] [%emt 00:00:12]} b4 {[%clk 01:43:56] [%emt 00:00:04]}
13. e4 {[%clk 01:39:22] [%emt 00:00:06]} h6 {[%clk 01:38:06] [%emt 00:06:20]}
14. e5 {[%clk 01:38:35] [%emt 00:01:17]} Qe6 {[%clk 01:21:00] [%emt 00:17:35]}
15. b3 {[%clk 01:37:58] [%emt 00:01:08]} Rd8 {[%clk 01:09:40] [%emt 00:11:50]}
16. Bb2 {[%clk 01:33:28] [%emt 00:05:00]} Nb6 {[%clk 00:57:15] [%emt 00:12:55]}
17. Qc2 {[%clk 01:25:33] [%emt 00:08:24]} Be7 {[%clk 00:55:45] [%emt 00:02:00]}
18. a5 {[%clk 01:15:19] [%emt 00:10:45]} Nd5 {[%clk 00:56:08] [%emt 00:00:06]}
19. Bc4 {[%clk 01:15:38] [%emt 00:00:11]} O-O {[%clk 00:55:05] [%emt 00:01:32]}
20. Rfe1 {[%clk 01:14:46] [%emt 00:01:23]} Rfe8 {[%clk 00:43:42] [%emt
00:11:53]} 21. Rad1 {[%clk 01:05:16] [%emt 00:10:00]} Bf8 {[%clk 00:43:27] [%emt
00:00:45]} 22. h3 {[%clk 00:57:59] [%emt 00:07:48]} Qc8 {[%clk 00:38:08] [%emt
00:05:47]} 23. Nh4 {[%clk 00:40:41] [%emt 00:17:48]} Nf4 {[%clk 00:33:06] [%emt
00:05:33]} 24. f3 {[%clk 00:35:45] [%emt 00:05:27]} Bd5 {[%clk 00:27:29] [%emt
00:06:07]} 25. Rxd5 {[%clk 00:34:57] [%emt 00:01:18]} Nxd5 {[%clk 00:26:51]
[%emt 00:01:07]} 26. Nf5 {[%clk 00:28:10] [%emt 00:07:16]} Re6 {[%clk 00:25:24]
[%emt 00:01:57]} 27. Ne3 {[%clk 00:25:14] [%emt 00:03:26]} Nxe3 {[%clk 00:18:59]
[%emt 00:06:55]} 28. Rxe3 {[%clk 00:25:39] [%emt 00:00:05]} Qd7 {[%clk 00:15:38]
[%emt 00:03:51]} 29. Qe4 {[%clk 00:22:59] [%emt 00:03:09]} Qd2 {[%clk 00:14:13]
[%emt 00:01:57]} 30. Re2 {[%clk 00:23:00] [%emt 00:00:29]} Qd1+ {[%clk 00:12:48]
[%emt 00:01:56]} 31. Re1 {[%clk 00:23:22] [%emt 00:00:08]} Qd2 {[%clk 00:13:12]
[%emt 00:00:05]} 32. Ba1 {[%clk 00:06:00] [%emt 00:17:52]} Rg6 {[%clk 00:11:07]
[%emt 00:02:35]} 33. g4 {[%clk 00:04:21] [%emt 00:02:09]} Re6 {[%clk 00:10:37]
[%emt 00:00:59]} 34. f4 {[%clk 00:04:08] [%emt 00:00:44]} Be7 {[%clk 00:08:48]
[%emt 00:02:19]} 35. f5 {[%clk 00:00:56] [%emt 00:03:42]} Bh4 {[%emt 00:00:03]}
36. Re2 {[%clk 00:01:22] [%emt 00:00:03]} Qc1+ {[%clk 00:05:34] [%emt 00:04:12]}
37. Kh2 {[%clk 00:01:47] [%emt 00:00:04]} Re7 {[%clk 00:05:07] [%emt 00:00:57]}
38. Bb2 {[%clk 00:01:41] [%emt 00:00:37]} Qd1 {[%clk 00:05:14] [%emt 00:00:22]}
39. Kg2 {[%clk 00:00:42] [%emt 00:01:29]} Rd2 {[%clk 00:02:24] [%emt 00:03:20]}
40. e6 {[%clk 00:01:05] [%emt 00:00:07]} Rxe2+ {[%clk 00:02:18] [%emt 00:00:37]}
41. Qxe2 {[%clk 00:00:32] [%emt 00:01:02]} Qxe2+ {[%clk 00:47:11] [%emt
00:05:37]} 42. Bxe2 {[%clk 00:50:56] [%emt 00:00:06]} fxe6 {[%clk 00:39:51]
[%emt 00:07:51]} 43. fxe6 {[%clk 00:51:19] [%emt 00:00:07]} Kf8 {[%clk 00:39:44]
[%emt 00:00:37]} 44. Bc4 {[%clk 00:49:07] [%emt 00:02:42]} Bf6 {[%clk 00:35:45]
[%emt 00:04:29]} 45. Bxf6 {[%clk 00:33:03] [%emt 00:16:35]} gxf6 {[%clk
00:36:10] [%emt 00:00:04]} 46. Kf3 {[%clk 00:33:29] [%emt 00:00:04]} Re8 {[%clk
00:34:05] [%emt 00:02:36]} 47. Ke4 {[%clk 00:32:16] [%emt 00:01:43]} Rd8 {[%clk
00:31:07] [%emt 00:03:27]} 48. Bxa6 {[%clk 00:32:03] [%emt 00:00:45]} Ra8 {[%clk
00:31:16] [%emt 00:00:21]} 49. Bc4 {[%clk 00:32:23] [%emt 00:00:08]} Rxa5 {[%clk
00:31:44] [%emt 00:00:03]} 50. Kd5 {[%clk 00:32:42] [%emt 00:00:12]} Ke7 {[%clk
00:32:04] [%emt 00:00:10]} 51. Kc6 {[%clk 00:32:34] [%emt 00:00:38]} Ra1 {[%clk
00:24:42] [%emt 00:07:52]} 52. Kxc5 {[%clk 00:32:22] [%emt 00:00:43]} Rh1 {[%clk
00:25:03] [%emt 00:00:07]} 53. Kxb4 {[%clk 00:32:47] [%emt 00:00:06]} Kd6 {[%clk
00:22:12] [%emt 00:03:21]} 54. Kc3 {[%clk 00:32:44] [%emt 00:00:33]} Rxh3+
{[%clk 00:22:21] [%emt 00:00:21]} 55. Kd4 {[%clk 00:33:12] [%emt 00:00:03]} Rh4
{[%clk 00:20:51] [%emt 00:02:00]} 56. Ke4 {[%clk 00:33:37] [%emt 00:00:05]} h5
{[%clk 00:20:28] [%emt 00:00:53]} 57. Kf5 {[%clk 00:34:02] [%emt 00:00:04]} hxg4
{[%clk 00:16:59] [%emt 00:04:00]} 58. Kf4 {[%clk 00:34:31] [%emt 00:00:01]} f5
{[%clk 00:17:08] [%emt 00:00:21]} 59. Bd3 {[%clk 00:35:00] [%emt 00:00:01]} Rh5
{[%clk 00:17:31] [%emt 00:00:06]} 60. Bxf5 {[%clk 00:35:28] [%emt 00:00:02]} g3
{[%clk 00:17:37] [%emt 00:00:24]} 0-1

[Site "Europe Echecs"]

[Event "Grand Swiss "]
[Date "2025.09.06"]
[White "Anton Guijarro, David"]
[Black "Liang, Awonder"]
[WhiteElo "2625"]
[BlackElo "2698"]
[Round "3.3.22"]
[Result "1/2-1/2"]

1. d4 {[%clk 01:40:54] [%emt 00:00:04]} d5 {[%clk 01:40:54] [%emt 00:00:07]} 2.
c4 {[%clk 01:41:08] [%emt 00:00:16]} e6 {[%clk 01:41:22] [%emt 00:00:02]} 3. Nc3
{[%clk 01:40:39] [%emt 00:00:58]} c5 {[%clk 01:41:45] [%emt 00:00:07]} 4. cxd5
{[%clk 01:40:21] [%emt 00:00:48]} exd5 {[%clk 01:42:13] [%emt 00:00:03]} 5. Nf3
{[%clk 01:39:50] [%emt 00:01:01]} Nc6 {[%clk 01:42:41] [%emt 00:00:02]} 6. e3
{[%clk 01:36:30] [%emt 00:03:49]} cxd4 {[%clk 01:42:50] [%emt 00:00:21]} 7. exd4
{[%clk 01:36:19] [%emt 00:00:41]} Nf6 {[%clk 01:42:52] [%emt 00:00:28]} 8. Bb5
{[%clk 01:34:42] [%emt 00:02:06]} Be7 {[%clk 01:43:00] [%emt 00:00:22]} 9. O-O
{[%clk 01:33:07] [%emt 00:02:06]} O-O {[%clk 01:43:16] [%emt 00:00:13]} 10. Ne5
{[%clk 01:31:44] [%emt 00:01:52]} Qb6 {[%clk 01:33:58] [%emt 00:09:49]} 11. Be3
{[%clk 01:29:02] [%emt 00:03:11]} Be6 {[%clk 01:32:22] [%emt 00:02:07]} 12. Rc1
{[%clk 01:22:58] [%emt 00:06:34]} Rac8 {[%clk 01:25:51] [%emt 00:07:00]} 13.
Bxc6 {[%clk 01:21:10] [%emt 00:02:17]} bxc6 {[%clk 01:26:19] [%emt 00:00:03]}
14. Na4 {[%clk 01:21:12] [%emt 00:00:29]} Qb5 {[%clk 01:23:27] [%emt 00:03:22]}
15. Bg5 {[%clk 01:15:38] [%emt 00:06:03]} h6 {[%clk 01:21:05] [%emt 00:02:53]}
16. Bh4 {[%clk 01:09:19] [%emt 00:06:48]} Rfe8 {[%clk 01:18:49] [%emt 00:02:46]}
17. h3 {[%clk 01:02:46] [%emt 00:07:03]} Bf5 {[%clk 01:13:22] [%emt 00:05:58]}
18. b3 {[%clk 00:54:43] [%emt 00:08:33]} Ba3 {[%clk 01:02:00] [%emt 00:11:51]}
19. Bxf6 {[%clk 00:52:54] [%emt 00:02:18]} Bxc1 {[%clk 01:01:02] [%emt
00:01:29]} 20. Bxg7 {[%clk 00:38:57] [%emt 00:14:27]} Kxg7 {[%clk 00:59:32]
[%emt 00:02:00]} 21. Qf3 {[%clk 00:30:30] [%emt 00:08:58]} f6 {[%clk 00:49:51]
[%emt 00:10:11]} 22. Qxf5 {[%clk 00:30:34] [%emt 00:00:25]} fxe5 {[%clk
00:50:09] [%emt 00:00:13]} 23. Rxc1 {[%clk 00:30:48] [%emt 00:00:16]} exd4
{[%clk 00:50:09] [%emt 00:00:30]} 24. Qg4+ {[%clk 00:29:36] [%emt 00:01:42]} Kh7
{[%clk 00:50:28] [%emt 00:00:11]} 25. Qf5+ {[%clk 00:29:23] [%emt 00:00:42]} Kg7
{[%clk 00:49:55] [%emt 00:01:03]} 26. Qg4+ {[%clk 00:29:29] [%emt 00:00:24]} Kh7
{[%clk 00:50:20] [%emt 00:00:06]} 27. Qf5+ {[%clk 00:29:54] [%emt 00:00:05]} Kg7
{[%clk 00:50:46] [%emt 00:00:03]} 28. Qg4+ {[%clk 00:30:19] [%emt 00:00:05]} Kh7
{[%clk 00:51:14] [%emt 00:00:02]} 29. Qf5+ {[%clk 00:30:45] [%emt 00:00:05]} Kg7
{[%emt 00:00:05]} 30. Qg4+ {[%clk 00:31:09] [%emt 00:00:02]} Kh7 {[%emt
00:00:04]} 31. Qf5+ {[%emt 00:00:05]} 1/2-1/2

[Site "Europe Echecs"]